00314nam a22000977a 4500008004100000082001700041110000800058245011400066260002700180300000900207230609b xxu||||| |||| 00| 0 eng d a354.676bGOK bGOK a2006/2007 Estimates of Development Expenditure of the GOk for the Year Endeing 30th June, 2007cVotes D01-D46 aKenyabGoKcJune, 2006 a832p